Handbook of universities of Pakistan 1998 (Record no. 175884)

000 -LEADER
fixed length control field 00542 a2200157 4500
003 - CONTROL NUMBER IDENTIFIER
control field Nust
005 - DATE AND TIME OF LATEST TRANSACTION
control field 20221220130609.0
040 ## - CATALOGING SOURCE
Transcribing agency Nust
082 ## - DEWEY DECIMAL CLASSIFICATION NUMBER
Classification number 378.155, UGC
245 ## - TITLE STATEMENT
Title Handbook of universities of Pakistan 1998
Statement of responsibility, etc. HEC
260 ## - PUBLICATION, DISTRIBUTION, ETC.
Place of publication, distribution, etc. Islamabad
Name of publisher, distributor, etc. UGC
Date of publication, distribution, etc. 1998
300 ## - PHYSICAL DESCRIPTION
Extent 820 p.
505 ## - FORMATTED CONTENTS NOTE
Formatted contents note The Education System In Pakistan (Page-1), Universities in public Sector,Centers of higher Learning,Centers Of Excellece (Page-287), Area Study Center (Page-621), Pakistan Study Center (Page-634).
610 ## - SUBJECT ADDED ENTRY--CORPORATE NAME
Corporate name or jurisdiction name as entry element UGC
9 (RLIN) 105364
942 ## - ADDED ENTRY ELEMENTS (KOHA)
Koha item type Reference
Source of classification or shelving scheme
Holdings
Withdrawn status Lost status Source of classification or shelving scheme Damaged status Not for loan Permanent Location Current Location Shelving location Date acquired Full call number Barcode Date last seen Price effective from Koha item type Public note
          Military College of Signals (MCS) Military College of Signals (MCS) General Stacks 12/12/2016 378.155,UGC MCS26443 12/08/2016 12/12/2016 Book Almirah No.46, Shelf No.5
© 2023 Central Library, National University of Sciences and Technology. All Rights Reserved.